| 000 | 00000nam 2200000za 4500 |
| 001 | 9.841926 |
| 003 | CaOODSP |
| 005 | 20221107152217 |
| 007 | cr ||||||||||| |
| 008 | 170817m20202002onca o f000 0 fre d |
| 040 | |aCaOODSP|bfre |
| 041 | 0 |afre|beng|bfre |
| 043 | |an-cn--- |
| 086 | 1 |aP29-5-184-001-2002F-PDF |
| 245 | 00|aLignes directrices pour la mise en oeuvre des systèmes de management de la qualité ISO 9000 dans les organismes du secteur public |h[ressource électronique] / |cpréparée par l'Office des normes générales du Canada. |
| 250 | |aRetirée |
| 260 | |aOttawa : |bOffice des normes générales du Canada, |c2002, 2015, 2020. |
| 300 | |a1 v. (pagination multiples) : |bill. |
| 490 | 1 |aNorme du gouvernement du Canada ; |vGCS 184.1-2002 |
| 500 | |a« Octobre 2002. » |
| 500 | |a« Retrait, Décembre 2020. » |
| 500 | |a« Expérience et excellence » -- Couv. |
| 500 | |aConvertie en Norme GC en 2015. |
| 500 | |aPubl. aussi en anglais sous le titre : Guidelines for implementing ISO 9000 quality management systems in public sector organizations. |
| 520 | |a« La présente norme énonce les lignes directrices destinées à aider les organismes du secteur public à mettre en oeuvre un système de management de la qualité fondé sur la série de normes internationales ISO 9000:2000 » -- Objet. |
| 546 | |aTexte en français, retrait en français et en anglais. |
| 692 | 07|2gccst|aGestion |
| 692 | 07|2gccst|aSecteur public |
| 692 | 07|2gccst|aNorme |
| 710 | 2 |aOffice des normes générales du Canada. |
| 775 | 08|tGuidelines for implementing ISO 9000 quality management systems in public sector organizations |w(CaOODSP)9.841923 |
| 830 | #0|aNorme du gouvernement du Canada ;|vGCS 184.1-2002.|w(CaOODSP)9.840669 |
| 856 | 40|qPDF|s2.55 Mo|uhttps://publications.gc.ca/collections/collection_2017/ongc-cgsb/P29-5-184-001-2002-fra.pdf |
| 986 | |aICS 03.120.10 |